Soykırım mı? Hodri meydan : (Record no. 14714)

MARC details
000 -BAŞLIK
Sabit Uzunlukta Kontrol Alanı 00917nam a22002537a 4500
999 ## - SİSTEM KONTROL NUMARALARI (KOHA)
Koha Biblionumber 14714
Koha Biblioitemnumber 14714
003 - KONTROL NUMARASI IDENTIFIER
Denetim Alanı MIRAKIL
005 - SON İŞLEM TARİHİ VE ZAMANI
Denetim Alanı 20211222123742.0
008 - SABİT-BOY VERİ ELEMANLARI - GENEL BİLGİLER
Sabit Uzunlukta Kontrol Alanı 211222b tu ||||| |||| 00| 0 tur d
020 ## - ULUSLARARASI STANDART KİTAP NUMARASI
Uluslararası Standart Kitap Numarası 9799756237792
040 ## - KATALOGLAMA KAYNAK
Orijinal Kataloglama Ajansı TR-AnCHP
Metne Dönüştürmek Ajansı TR-AnCHP
041 ## - DİL KODU
Metin / Ses Parça Veya Ayrı Başlığın Dil Kodu tur
082 ## - DEWEY ONLU SINIFLANDIRMA NUMARASI
Sınıflandırma Numarası ATA 956.1024092
Ürün Numarası B69s 2005
100 ## - ANA GİRİŞ - KİŞİSEL İSİM
Kişisel Ad Bozdağ, İsmet
245 10 - BAŞLIK TABLOSU
Başlık Soykırım mı? Hodri meydan :
Başlığın Kalan Atatürk'ten soykırım iddialarına cevaplar /
Sorumluluk Tablosu, Vb İsmet Bozdağ.
246 ## - UNVAN FORM VARYING
Başlık Doğru / Kısa Başlığı Atatürk'ten soykırım iddialarına cevaplar
260 ## - YAYIN, DAĞITIM, VB
Yayın, Dağıtım, Vb Yeri İstanbul:
Yayıncı, Dağıtıcı, Vs Adı Truva yayınları,
Yayın, Dağıtım, Vb Tarihi 2005.
300 ## - FİZİKSEL TANIM
Kapsam 139 s.:
Diğer Fiziksel Ayrıntıları fotg.;
Boyutlar 19 sm.
490 0# - SERİSİ TABLOSU
Seri Beyanı Truva yayınları;
-- Truva / Tarih;
Hacim / Ardışık Tanımı 78.
-- 17.
504 ## - KAYNAKÇA VB NOT
Kaynakça Vb Notu Kaynakça vardır.
600 14 - KONU KATMA GİRİŞ - KURUMSAL ADI
9 (RLIN) 1465
Kişisel Ad Atatürk, Gazi Mustafa Kemal
Başlıklar Ve Bir Adla İlişkili Diğer Kelimeler Türkiye Cumhuriyeti Kurucusu
Bir Adıyla İlişkilendirilen Tarihler 1881-1938
650 #0 - KONU KATMA GİRİŞ - TOPİKAL DÖNEM
9 (RLIN) 415
Topikal Süreli Veya Coğrafi Ad Giriş Elemanı Ermeni sorunu
Genel Alt Bölümü Tarih
Coğrafi Alt Bölümü Türkiye
740 ## - KATMA GİRİŞ - KONTROLSUZ İLGİLİ / ANALİTİK BAŞLIK
Kontrol Edilmeyen / İlgili Analitik Başlıktaki Atatürk'ten soykırım iddialarına cevaplar
942 ## - EKLENDİ GİRİŞ ELEMANLARI (KOHA)
Sınıflandırma Veya Raf Düzeni Kaynak Dewey Decimal Classification
Koha Öğesi Türü Books
Holdings
Kalıcı Konum Mevcut Konum Edinme Tarihi Toplam Check-Out'Lar Tam Çağrı Numarası Barkod Tarih Son Görülme İtibaren Geçerli Fiyatlar Koha Öğesi Türü
CHP Kütüphanesi CHP Kütüphanesi 12/22/2021   ATA 956.1024092 B69s 2005 020203 12/22/2021 12/22/2021 Books